• 首页
  • 本馆介绍
  • 公告通知
  • 最新文献
  • 馆藏检索
  • 电子资源
  • 读者导购
  • 参考咨询
  • 我的图书馆
  • 登录
  • 详细信息显示
  • 放入我的书架
  • 预约/预借图书
  • 作者相关作品
  • 分类相关作品
  • 丛书相关作品
  • 出版社相关作品

书目信息

  • 表格格式
  • 工作单格式
  • 卡片格式
题名:
对他人行为之侵权责任
    
 
作者: 窦海阳 著
分册:  
出版信息: 北京   中国政法大学出版社  2012.11
页数: 289页
开本: 21cm
丛书名:
单 册:
中图分类: D913.04
科图分类:
主题词: 侵权行为--民法--研究 , 侵权行为 , 民法
电子资源:
ISBN: 978-7-5620-4532-8
000 00947nam0 2200265 450
001 006437460
005 20130427082307.31
010    @a978-7-5620-4532-8@dCNY29.00
100    @a20130116d2012 em y0chiy0110 ea
101 0  @achi
102    @aCN@b110000
105    @ay z 000yy
106    @ar
200 1  @a对他人行为之侵权责任@9dui ta ren xing wei zhi qin quan ze ren@e以体系的角度为视角@f窦海阳著
210    @a北京@c中国政法大学出版社@d2012.11
215    @a289页@d21cm
300    @a“教育部留学回国人员科研启动基金”资助
330    @a本文以体系为观察角度,通过历史的研究方法和比较的研究方法对罗马法以及现代各部民法典中关于对他人行为之侵权责任制度进行分析,并以此为基础在中国的侵权法体系中建构这种责任提供合理化建议。
606 0  @a侵权行为@x民法@x研究
606 0  @a侵权行为
606 0  @a民法
690    @aD913.04@v5
701  0 @a窦海阳@9dou hai yang@f(1981~)@4著
801  0 @aCN@bNLC@c20130129
905    @b542211-15@dD913.04@e456@f5
    
    对他人行为之侵权责任:以体系的角度为视角/窦海阳著.-北京:中国政法大学出版社,2012.11
    289页;21cm
    “教育部留学回国人员科研启动基金”资助
    
    ISBN 978-7-5620-4532-8:CNY29.00
    本文以体系为观察角度,通过历史的研究方法和比较的研究方法对罗马法以及现代各部民法典中关于对他人行为之侵权责任制度进行分析,并以此为基础在中国的侵权法体系中建构这种责任提供合理化建议。
●
相关链接 在E读中查询图书 在五车中查询图书 在当当中查询图书 在豆瓣中查询图书


正题名:对他人行为之侵权责任     索取号:D913.04/456         预约/预借

序号 登录号 条形码 馆藏地/架位号 状态 备注
1 542211   205422112   第一样本阅览室/ [索取号:D913.04/456] 在馆    
2 542212   205422121   第一借阅区/ [索取号:D913.04/456] 在馆    
3 542213   205422130   第一借阅区/ [索取号:D913.04/456] 在馆    
4 542214   205422149   第一借阅区/ [索取号:D913.04/456] 在馆    
5 542215   205422158   史法系资料室/ [索取号:D913.04/456] 在馆    
唐山师范学院图书馆 欢迎您!
大连网信软件有限公司© 版权所有